Kotlin Keywords - Statistics

General Stats
  • This quiz has been taken 23 times
  • The average score is 35 of 70
Answer Stats
Answers % Correct
in
100%
class
94%
for
94%
fun
94%
val
94%
var
94%
private
89%
public
89%
if
83%
interface
83%
when
83%
while
83%
object
78%
as
72%
const
72%
do
72%
else
72%
return
72%
final
67%
protected
67%
abstract
61%
override
61%
break
56%
catch
56%
data
56%
import
56%
out
56%
continue
50%
internal
50%
it
50%
null
50%
sealed
50%
super
50%
this
50%
throw
50%
try
50%
where
50%
companion
44%
constructor
44%
enum
44%
finally
44%
by
39%
false
39%
inline
39%
open
39%
true
39%
init
33%
is
33%
lateinit
33%
operator
33%
package
33%
infix
28%
reified
28%
set
28%
actual
22%
annotation
22%
crossinline
22%
expect
22%
get
22%
inner
22%
noinline
22%
typeof
22%
value
22%
vararg
22%
external
17%
field
17%
suspend
17%
typealias
17%
dynamic
11%
tailrec
11%
No matching quizzes found
Score Distribution
Percent of People with Each Score
Percentile by Number Answered
Your Score History
You have not taken this quiz